| 000 | 00436nam a2200181Ia 4500 | ||
|---|---|---|---|
| 001 | 20842 | ||
| 005 | 20260306172835.0 | ||
| 008 | 260306t2019||||xx |||||||||||||| ||spa|| | ||
| 041 | _aESP | ||
| 082 |
_a343.8 _bG71B |
||
| 100 |
_aGonzález Bisso, Alfredo _eAUT |
||
| 245 | 0 | _aExportación de bienes y servicios | |
| 260 | _c2019 | ||
| 300 |
_a48 páginas : _c24 cm. |
||
| 650 | _aGEN | ||
| 654 | _aCDE | ||
| 942 |
_cLIB _dJUS _fJUS _2ddc _n |
||
| 999 |
_c20842 _d20842 |
||